000 00885cam a22002655a 4500
001 76664
003 BD-RjUL
005 20211209082853.0
008 191231s1998 n ac b 001 0 eng d
020 _a9788131730645
035 _a(BD-RjUL)76888
040 _aStDuBDS
_beng
_cStDuBDS
_dUkOxU
_dUk
041 _aeng
082 0 4 _a658.4038
_223
_bLAM 1998
100 1 _aLaudon, Kenneth C.,
_d1944-
_943363
245 1 0 _aManagement information systems :
_bmanaging the digital firm /
_cKenneth C. Laudon, Jane P. Laudon, Rajanish Dass
250 _a3rd. ed
260 _aNewyork :
_bMacmillian, ,
_cc1998
300 _a480, [6] p. :
_bill. ;
_c28 cm
504 _aIncludes bibliographical references and index.
650 0 _aManagement information systems.
_91330
700 1 _aLaudon, Jane P. , jt. auth.
_9237228
700 1 _a Dass, Rajanish, jt. auth.
_9237229
942 _2ddc
_cBK
999 _c76664
_d76664